Código civil Chileno

Kaydedildi:
Detaylı Bibliyografya
Materyal Türü: Kitap
Dil:İspanyolca
Baskı/Yayın Bilgisi: Santiago Legis 2011
Edisyon:1a. ed
Konular:
Etiketler: Etiketle
Etiket eklenmemiş, İlk siz ekleyin!

MARC

LEADER 00000cam a2200000 a 4500
001 UCG6344
003 CL-VaPUC
008 110414e20110000CL |||||||||||||||||spa|d
020 |a 9789567498635 
082 0 4 |a 346.83  |b COD  |2 21 
245 1 0 |a Código civil Chileno 
250 |a 1a. ed 
300 |a 891 p 
942 |c BK 
945 |d 20110414 00:00:00  |a jcampos 
260 |a Santiago  |b Legis  |c 2011 
500 |a Valores agregados Legis: jurisprudencia, doctrina, comentarios. Febrero 2011 a Febrero 2012 
650 0 |a Código civil chileno  |9 255931 
650 0 |a Contratos  |9 255153 
650 0 |a Derecho sucesorio  |9 255015 
650 0 |a Obligaciones   |9 255578 
650 7 |a POSESIONES  |2 CL-VaPUC  |9 556483 
650 0 |a Bienes  |9 255749 
583 |a last modification  |c 20120809 03:08:45  |k Rodrigo Vera 
999 |c 344601  |d 344599 
952 |0 0  |1 0  |4 0  |6 346_830000000000000_COD_2011  |7 0  |8 A  |9 442662  |a BIBDER  |b BIBDER  |d 2019-11-22  |i 4766741  |o 346.83 COD 2011  |p 4766741  |r 2023-01-25  |w 2019-11-22  |y BK  |k DER